| 000 | 00739nam a2200265Ia 4500 | ||
|---|---|---|---|
| 003 | OSt | ||
| 005 | 20220918164833.0 | ||
| 006 | a|||||r|||| 00| 0 | ||
| 007 | ta | ||
| 008 | 220917b |||||||| |||| 00| 0 eng d | ||
| 020 | _a0792366344 (hbk) | ||
| 024 | _a198,193 | ||
| 037 | _cTextual | ||
| 040 |
_aARTS _cARTS _beng |
||
| 041 |
_2eng _aeng |
||
| 082 | _aR:(C8):g, P0 | ||
| 100 |
_aCraig William Lane _921134 |
||
| 245 | 0 |
_aTensed theory of time _b A critical examination |
|
| 260 |
_aDordrecht _bKluwer academic publishers _c2000 |
||
| 300 |
_ax, 287 p. _ccm. |
||
| 490 | _aSynthese library/ v.293 | ||
| 650 | _aPHILOSOPHY | ||
| 942 |
_hR:(C8):g, P0 _cTEXL _2CC |
||
| 999 |
_c126915 _d126915 |
||